000 00553cam a22001815a 4500
001 ##L132919
008 060322s1907 000 0 eng u
035 _a(Sirsi) u132919
041 0 _aeng
050 0 4 _a333.062 $2 18
110 2 _aSurveyors' Institution
_93783
245 0 0 _aCharter and by-laws
_bas amended 1902, 1903
260 _aLondon
_bSurveyors' Institution
_c1907
300 _a48p.
_c22cm.
651 4 _aGreat Britain
_y1707-
690 _aABOUT RICS-RICS STRUCTURE AND GOVERNANCE-RICS REGULATIONS-RICS CONDUCT REGULATIONS
942 _n0
999 _c105282
_d105282